000 00629nam a22001937a 4500
999 _c15780
_d15780
003 AR-CdUCM
008 190430b ||||| |||| 00| 0 eng d
020 _a978-1-4093-6609-6
040 _aMUNICIPALIDAD PROVINCIAL DEL CUSCO
_cBIBLIOTECA MUNICIPAL DEL CUSCO
082 _a910 /
_bW92
245 _aWorld :
_bAthlas a comprehensive guide to the worl today /
260 _aLondon :
_bEssential,
_c2013.
300 _a256 paginas ;
_bIlustraciones, mapas
_c20 cm.
650 _aAtlas
_93723
650 _aTexto en ingles
_933481
700 _aAndrew Heritage (editor)
_934985
942 _2ddc
_cLIBROS
945 _arjall
_d2019-04-30